00588agaaa2200193 450000100050000000300090000500500170001400700090003100800400004004000230008010000090010313000280011224501100014025000220025026000340027230000220030665000570032870000090038554ACIT-RoPAU20220918181302.0d cvaizq50131s9999||||xx ||| | || ||und|| aIT-RoPAUcIT-RoPAU aN.d. aMODELLO DOCUMENTO R54AC aMODELLO DOCUMENTO R54ACcDiretto da: N.d.pMODELLO DOCUMENTO R54AC (Rif. Codice opera principale : R54AC) aEdizione Standard aROMA (ITALIA)bABETE / gn.d. aVHSbsonoro, col. eTV-PROGRAMMI MUSICALI []xCodice MATERIA SPICS: 9965 aN.d.